003020000a2200073000450024501230000004100140012310000280013777300630016510aLibre comercio y la conservación del ambientesel caso de la prohibición del atún colombiano por Estados Unidos0 aEspañol1 aMaya Muñoz, Guillermo1 tCrónica Forestal y del Medio Ambienteh10q193-200d1995